| 000 | 00390cam a2200157ua 4500 | ||
|---|---|---|---|
| 041 |
_aeng _h |
||
| 082 |
_a519.5 _bCHA/GE |
||
| 100 | _aChase, Warren . | ||
| 245 |
_aGeneral statistics / _cWarren chase. _hTextual Documents |
||
| 260 |
_aLondon : _bJohn Wiley & Sons , _c1986. |
||
| 300 |
_a : _b506 ; . |
||
| 504 | _a | ||
| 700 | 1 | _aBown, Fred . | |
| 942 | _cBK | ||
| 999 |
_c10589 _d10589 |
||